Gaming Quiz

Random Gaming or Pokémon Quiz

No Minimum Level Pokemon Evolutions Quiz Stats

 Plays Quiz not verified by Sporcle

Also try: Games by T-Shirt
Challenge
Share
Tweet
Embed
Score 0/98 Timer 12:00
0 Plays Today
Evolution Method Pokemon % Correct
Water StoneEevee/Vaporeon
100%
Thunder StoneEevee/Jolteon
100%
Fire StoneEevee/Flareon
98.8%
FriendshipEevee/Espeon
98.8%
FriendshipEevee/Umbreon
98.8%
Level in a Certain PlaceEevee/Leafeon
98.8%
Level in a Certain PlaceEevee/Glaceon
98.8%
Level with 2 Amie Hearts and Fairy MoveEevee/Sylveon
97.6%
Moon StoneClefairy/Clefable
95.2%
FriendshipPichu/Pikachu
95.2%
Leaf StoneGloom/Vileplume
94%
Sun StoneGloom/Bellossom
94%
Fire StoneVulpix/Ninetales
91.6%
Thunder StonePikachu/Raichu
91.6%
Moon StoneJigglypuff/Wigglytuff
91.6%
FriendshipIgglybuff/Jigglypuff
91.6%
Fire StoneGrowlithe/Arcanine
90.4%
FriendshipCleffa/Clefairy
90.4%
TradeMachoke/Machamp
89.2%
Moon StoneNidorino/Nidoking
88%
Moon StoneNidorina/Nidoqueen
86.7%
TradeHaunter/Gengar
86.7%
Level in a Certain PlaceMagneton/Magnezone
85.5%
TradeKadabra/Alakazam
85.5%
Water StonePoliwhirl/Poliwrath
84.3%
Leaf StoneWeepinbell/Victreebel
84.3%
Level Holding ItemHappiny/Chansey
84.3%
Trade with ItemPoliwhirl/Politoed
84.3%
Trade with ItemMagmar/Magmortar
83.1%
Dawn StoneKirlia/Gallade
81.9%
Level With a MoveTangela/Tangrowth
81.9%
Trade with ItemElectabuzz/Electivire
81.9%
Trade with ItemFeebas/Milotic
81.9%
Evolution Method Pokemon % Correct
Maxed BeautyFeebas/Milotic
81.9%
TradeGraveler/Golem
80.7%
Trade with ItemOnix/Steelix
80.7%
Trade with Specific PokemonKarrablast/Escavalier
80.7%
Shiny StoneTogetic/Togekiss
79.5%
Dawn StoneSnorunt/Froslass
79.5%
FriendshipChansey/Blissey
79.5%
Trade with ItemScyther/Scizor
79.5%
Trade with Specific PokemonShelmet/Accelgor
79.5%
Water StoneStaryu/Starmie
78.3%
Dusk StoneMisdreavus/Mismagius
78.3%
Level Holding ItemSneasel/Weavile
78.3%
Trade with ItemSlowpoke/Slowking
78.3%
FriendshipTogepi/Togetic
75.9%
Level in a Certain PlaceNosepass/Probopass
75.9%
Level Holding ItemGligar/Gliscor
75.9%
Level with Specific Pokemon in PartyMantyke/Mantine
75.9%
Sun StoneSunkern/Sunflora
74.7%
Dusk StoneMurkrow/Honchkrow
74.7%
Trade with ItemPorygon/Porygon 2
74.7%
FriendshipRiolu/Lucario
73.5%
Level With a MovePiloswine/Mamoswine
73.5%
Trade with ItemDusclops/Dusknoir
73.5%
Trade with ItemPorygon 2/Porygon-Z
73.5%
Water StonePanpour/Simipour
72.3%
Level With a MoveBonsly/Sudowoodo
72.3%
Fire StonePansear/Simisear
71.1%
Water StoneShellder/Cloyster
71.1%
Leaf StonePansage/Simisage
71.1%
Level With a MoveLickitung/Lickilicky
71.1%
Level With a MoveMime Jr./Mr. Mime
71.1%
Trade with ItemSeadra/Kingdra
71.1%
Level With a MoveYanma/Yanmega
69.9%
Evolution Method Pokemon % Correct
Water StoneLombre/Ludicolo
68.7%
Dusk StoneLampent/Chandelure
68.7%
Trade with ItemRhydon/Rhyperior
68.7%
FriendshipGolbat/Crobat
67.5%
Moon StoneSkitty/Delcatty
66.3%
Sun StoneCottonee/Whimsicott
66.3%
Shiny StoneRoselia/Roserade
66.3%
FriendshipBudew/Roselia
65.1%
Leaf StoneNuzleaf/Shiftry
63.9%
Sun StonePetilil/Lilligant
63.9%
Thunder StoneEelektrik/Eelektross
62.7%
Leaf StoneExeggcute/Exeggutor
62.7%
Level With a MoveAipom/Ambipom
61.4%
FriendshipMunchlax/Snorlax
60.2%
TradeBoldore/Gigalith
59%
Moon StoneMunna/Musharna
57.8%
Trade with ItemClamperl/Huntail
56.6%
Trade with ItemClamperl/Gorebyss
56.6%
Dusk StoneDoublade/Aegislash
55.4%
TradeGurdurr/Conkeldurr
54.2%
FriendshipAzurill/Marill
53%
Sun StoneHelioptile/Heliolisk
51.8%
FriendshipChingling/Chimecho
51.8%
Trade with ItemSwirlix/Slurpuff
50.6%
Shiny StoneMinccino/Cinccino
49.4%
Trade with ItemSpritzee/Aromatisse
49.4%
FriendshipBuneary/Lopunny
47%
Shiny StoneFloette/Florges
45.8%
FriendshipSwadloon/Leavanny
44.6%
TradePhantump/Trevenant
44.6%
TradePumpkaboo/Gourgeist
44.6%
FriendshipWoobat/Swoobat
38.6%

You're not logged in!

Compare scores with friends on all Sporcle quizzes.
Join for Free
OR
Log In

You Might Also Like...

Show Comments

Extras

Top Quizzes Today


Score Distribution

Your Account Isn't Verified!

In order to create a playlist on Sporcle, you need to verify the email address you used during registration. Go to your Sporcle Settings to finish the process.

Report this User

Report this user for behavior that violates our Community Guidelines.

Details: